Problematika a význam klasifikácie vín oblasti Bordeaux z roku 1855
Investovanie do vína ako špecifický druh alternatívneho investovania. Vznik a problematika klasifikácie z roku 1855. Klasifikácia červených vín oblasti Médoc z roku 1855. Klasifikácia vín oblasti Bordeaux podľa Thomasa Jeffersona z roku 1787. Problematika neaktuálnosti klasifikácie z roku 1855. Preh...
Uložené v:
| Hlavný autor: | |
|---|---|
| Médium: | Kapitola |
| Jazyk: | Slovak |
| Predmet: | |
| Tagy: |
Žiadne tagy, Buďte prvý, kto otaguje tento záznam!
|
MARC
| LEADER | 00000nla a2200000 4500 | ||
|---|---|---|---|
| 001 | 0162778 | ||
| 005 | 20240502072823.8 | ||
| 041 | 0 | |a slo | |
| 044 | |a SK | ||
| 245 | 1 | 0 | |a Problematika a význam klasifikácie vín oblasti Bordeaux z roku 1855 |c Milan Hutera |
| 520 | |a Investovanie do vína ako špecifický druh alternatívneho investovania. Vznik a problematika klasifikácie z roku 1855. Klasifikácia červených vín oblasti Médoc z roku 1855. Klasifikácia vín oblasti Bordeaux podľa Thomasa Jeffersona z roku 1787. Problematika neaktuálnosti klasifikácie z roku 1855. Prehodnotenie klasifikácie na základe ratingu someliérov. Prehodnotenie klasifikácie na základe predajných cien. Problematika nekompletnosti klasifikácie. | ||
| 610 | 2 | 0 | |a víno |
| 610 | 2 | 0 | |a klasifikácia |
| 610 | 2 | 0 | |a kvalita |
| 610 | 2 | 0 | |a regióny |
| 610 | 2 | 0 | |a výroba |
| 610 | 2 | 0 | |a produkcia |
| 610 | 2 | 0 | |a ceny |
| 610 | 2 | 0 | |a história |
| 610 | 2 | 0 | |a Francúzsko |
| 100 | 1 | |a Hutera, Milan | |